| 000 | 00413cam a2200169ua 4500 | ||
|---|---|---|---|
| 001 | 8230 | ||
| 008 | 110808n1983 II |||gr||||Z||||||eng | ||
| 040 | _aMAIN | ||
| 041 | _aEnglish | ||
| 082 | _a330 SET | ||
| 100 | _aSETH , M.L . | ||
| 245 | _aAN INTRODUCTION TO KEYNESION ECONOMICS | ||
| 260 |
_aAGRA _bLAXMI NARAYAN AGARWAL EDUCATIONAL PUBLISHER _c1983 |
||
| 300 | _a335. | ||
| 653 | _aEconomics | ||
| 942 | _cBK | ||
| 999 |
_c8210 _d8210 |
||